[Event "Moscow Open D University Women"]
[Site "Moscow RUS"]
[Date "2011.02.06"]
[Round "9.5"]
[White "Smirnova,An"]
[Black "Imeeva,A"]
[Result "0-1"]
[WhiteElo "2021"]
[BlackElo "2043"]

1.d4 Nf6 2.c4 e6 3.Nf3 b6 4.a3 Bb7 5.Nc3 Be7 6.Bg5 O-O 7.e3 d6 8.Bd3 Nbd7
9.e4 c5 10.Be3 cxd4 11.Nxd4 Nc5 12.f3 Nfd7 13.Be2 a5 14.b3 Bf6 15.O-O Qe7
16.Bf2 Rfd8 17.Rc1 Ne5 18.Ndb5 Nc6 19.Qc2 Be5 20.Rb1 Qf6 21.Rbd1 Rab8 22.Be3 Qg6
23.f4 Bxc3 24.Nxc3 Ne7 25.Bf3 f5 26.Bxc5 bxc5 27.exf5 Nxf5 28.Bxb7 Rxb7 29.Nb5 d5
30.Rfe1 d4 31.Re5 Qg4 32.Qd2 Rf8 33.Rf1 Ne3 34.Rxe3 dxe3 35.Qxe3 Rd7 36.h3 Qf5
37.a4 Rd3 38.Qe1 Rxb3 39.Qxa5 Qe4 40.Qd2 Qxc4 41.Qe1 Rb2 42.Kh1 Re2 43.Qd1 Qe4
44.Rg1 Re3 45.Qh5 g6 46.Qh6 Rxf4 47.Nd6 Qe5 48.Nc8 Ree4 49.Ne7+ Kf7 50.Nc6 Qg7
51.Qg5 Qf6 52.Qxc5 Rxa4 53.Qd6 Kg7 54.Nd8 Rae4 55.Qc7+ Kh6 56.Nb7 Rf1 57.Nc5 Rxg1+
58.Kxg1 Re1+ 59.Kh2 Qe5+ 60.Qxe5 Rxe5 61.Nd7 Re1 62.Kg3 Kg5 63.Kf2 Re4 64.Nc5 Re5
65.Nd7 Rd5 66.Nb6 Rb5  0-1

[Event "ch-TUR"]
[Site "Kemer-Antalya TUR"]
[Date "2011.02.09"]
[Round "6.9"]
[White "Aydogdu,A"]
[Black "Yildiz,B"]
[Result "1/2-1/2"]
[WhiteElo "2062"]
[BlackElo "2237"]

1.d4 Nf6 2.Nf3 e6 3.c4 b6 4.a3 Ba6 5.Qc2 Bb7 6.Nc3 c5 7.e4 cxd4 8.Nxd4 Bc5
9.Nb3 Nc6 10.Nxc5 bxc5 11.Be3 Qa5 12.O-O-O Ng4 13.Nb5 Nxe3 14.Nd6+ Ke7 15.fxe3 Rab8
16.Qf2 f6 17.g4 h6 18.h4 Ne5 19.Be2 Ba6 20.g5 hxg5 21.Qg3 g4 22.Bxg4 Rxb2
23.Kxb2 Rb8+ 24.Kc2 Qxa3 25.Kd2 Kxd6 26.Ke1+ Kc6 27.Rh2 Rb3 28.Kf1 Rxe3 29.Qf4 Bxc4+
30.Kg1 Rg3+ 31.Rg2 Rxg2+ 32.Kxg2 Qb2+ 33.Rd2 Qb1 34.Bd1 a5 35.Ba4+ Bb5 36.Bxb5+ Qxb5
37.h5 Qb4 38.Re2 Qc4 39.Qe3 a4 40.Rb2 Nd3 41.Rd2 Ne5 42.Rd1 Qc2+ 43.Rd2 Nc4
44.Qxc5+ Kxc5 45.Rxc2 Kb4 46.Kh3 Ne3 47.Re2 Nd1 48.Rd2 Nc3 49.Rxd7 a3 50.Rb7+ Kc4
51.Rxg7 a2 52.Ra7 Kb3 53.Rxa2 Kxa2 54.e5 fxe5 55.h6 Ne4 56.Kh4 Nf6 57.Kg5 Nh7+
58.Kg6 e4 59.Kxh7 e3 60.Kg6 e2 61.h7 e1=Q 62.h8=Q Qe4+ 63.Kf7 e5 64.Ke6 Qc6+
65.Kf5 Qf3+ 66.Ke6 e4 67.Qd4 Qb3+ 68.Kf5 Qf3+ 69.Ke5 e3 70.Qc3 Qf2 71.Ke4 e2
72.Qa5+ Kb3 73.Qb5+ Kc3 74.Qa5+ Kb3 75.Qb5+  1/2-1/2

[Event "ch-ROU Men"]
[Site "Sarata Monteoru ROU"]
[Date "2011.02.13"]
[Round "2.18"]
[White "Dobre,ClC"]
[Black "Telea,S"]
[Result "1-0"]
[WhiteElo "2362"]
[BlackElo "2095"]

1.d4 Nf6 2.Nf3 e6 3.c4 b6 4.a3 Ba6 5.Qc2 d5 6.cxd5 exd5 7.g3 Bd6 8.Bg2 O-O
9.Nc3 Nbd7 10.O-O h6 11.Nh4 c6 12.Nf5 Bc7 13.Re1 Re8 14.Bd2 Bb7 15.e4 Nf8
16.exd5 cxd5 17.Nb5 Bb8 18.Bb4 Rxe1+ 19.Rxe1 Ne6 20.Be7 Qd7 21.Bxf6 Qxb5
22.Nxh6+ gxh6 23.Rxe6 Qd7 24.Re7 Qc6 25.Qf5 Bc8 26.Qxd5 Qc1+ 27.Bf1 Bh3 28.Qxf7+  1-0

[Event "31st TCh-IND 2011"]
[Site "Kochi IND"]
[Date "2011.02.23"]
[Round "3"]
[White "Ram,S"]
[Black "Deepak,Ka"]
[Result "0-1"]
[WhiteElo "2242"]
[BlackElo "2170"]

1.d4 Nf6 2.c4 e6 3.Nf3 b6 4.a3 Bb7 5.Nc3 d5 6.cxd5 Nxd5 7.Qc2 c5 8.dxc5 Bxc5
9.Bg5 Qc7 10.Rc1 Qd7 11.Ne5 Qd6 12.Qa4+ Nd7 13.Nc4 Qc6 14.Nb5 O-O 15.b4 a6
16.Nc3 b5 17.Na5 Bxf2+  0-1

[Event "61st ch-RUS w 1st League"]
[Site "Ivanovo RUS"]
[Date "2011.03.01"]
[Round "9"]
[White "Sukhareva,E"]
[Black "Rassokhina,E"]
[Result "1-0"]
[WhiteElo "2180"]
[BlackElo "2076"]

1.d4 Nf6 2.c4 e6 3.Nf3 b6 4.a3 Bb7 5.Nc3 d6 6.Qc2 Nbd7 7.e4 e5 8.d5 a5 9.Be2 Nc5
10.b3 Be7 11.Rb1 O-O 12.O-O Ne8 13.Be3 g6 14.b4 axb4 15.axb4 Nd7 16.c5 dxc5
17.bxc5 Bxc5 18.Bxc5 Nxc5 19.Nxe5 Qe7 20.Nc4 Nd6 21.Nxd6 Qxd6 22.f4 f6 23.Bb5 Ba6
24.Rbe1 Bxb5 25.Nxb5 Qd7 26.Nc3 Na4 27.Nxa4 Rxa4 28.e5 Rd4 29.d6 c5 30.Qb3+ Kh8
31.Qxb6 Rd5 32.h3 fxe5 33.fxe5 Re8 34.Ra1 Qg7 35.Ra7 Qg8 36.Rff7 Rexe5 37.Qb7 Re1+
38.Kh2 Rh5 39.Rg7 Qf8 40.Rxh7+ Kg8 41.Qb3+ c4 42.Qxc4+  1-0

[Event "27th Open"]
[Site "Cappelle la Grande FRA"]
[Date "2011.03.02"]
[Round "6.33"]
[White "Sulashvili,M"]
[Black "Videnova,I"]
[Result "1/2-1/2"]
[WhiteElo "2497"]
[BlackElo "2284"]

1.d4 Nf6 2.Nf3 e6 3.c4 b6 4.a3 c5 5.d5 Ba6 6.Qb3 exd5 7.cxd5 g6 8.Nc3 Bg7
9.e4 Bxf1 10.Kxf1 d6 11.Qa4+ Qd7 12.Qxd7+ Kxd7 13.Bf4 Nh5 14.Bd2 Na6 15.g3 c4
16.Be3 Bxc3 17.bxc3 Rhe8 18.Nd2 Nf6 19.f3 Nxd5 20.Bd4 Ndc7 21.Nxc4 Nb5 22.e5 Rac8
23.Nxd6 Nxd6 24.exd6 Nc5 25.Rd1 Nb3 26.Bg7 Re6 27.Kf2 Rg8 28.Bd4 Nxd4 29.Rxd4 Rc8
30.Ra4 a5 31.Rf4 f6 32.c4 b5 33.Re1 bxc4 34.Rxe6 Kxe6 35.Rd4 Kd7 36.Ke2 c3
37.Kd1 c2+ 38.Kc1 Rc3 39.Rf4 f5 40.Rh4 h5 41.Ra4 Rxf3 42.Rxa5 g5 43.Rd5 h4
44.gxh4 gxh4 45.a4 Ra3 46.a5 Ra2 47.Rxf5 Kxd6 48.Rh5 Ke7 49.h3 Kf7 50.Rb5 Ke7
51.Rb7+ Kd6 52.Ra7 Kc6 53.a6 Ra3 54.Rh7 Rxh3  1/2-1/2

[Event "27th Open"]
[Site "Cappelle la Grande FRA"]
[Date "2011.03.05"]
[Round "9.16"]
[White "Zakhartsov,Vi"]
[Black "Brynell,S"]
[Result "1/2-1/2"]
[WhiteElo "2602"]
[BlackElo "2492"]

1.d4 e6 2.c4 Nf6 3.Nf3 b6 4.a3 Bb7 5.Nc3 d5 6.cxd5 Nxd5 7.Qc2 Nxc3 8.bxc3 c5
9.e4 Nd7 10.Bf4 cxd4 11.cxd4 Rc8 12.Qb3 Be7 13.Bd3 Nf6 14.Qb5+ Qd7 15.Ne5 Qxb5
16.Bxb5+ Kf8 17.f3 Ne8 18.Bd7 Rd8 19.Bc6 Ba6 20.Nd7+ Kg8 21.Nb8 Bc4 22.Ba4 b5
23.Nc6 Rd7 24.Nxe7+ Rxe7 25.Rc1 f6 26.Kf2 Kf7 27.Rhd1 a6 28.Rc3 g5 29.Bg3 Ng7
30.Bd6 Rb7 31.Bc2 Rd8 32.Bc5 h5 33.Rb1 Rbd7 34.a4 Rc8 35.axb5 axb5 36.Bb3 e5
37.Bxc4+ bxc4 38.Rxc4 Ne6 39.Rcc1 Nxd4 40.Bxd4 Rxc1 41.Rxc1 Rxd4  1/2-1/2

[Event "Stryi Spring Wins"]
[Site "Stryi UKR"]
[Date "2011.03.05"]
[Round "2.7"]
[White "Masliak,D"]
[Black "Vyval,V"]
[Result "0-1"]
[WhiteElo "2166"]
[BlackElo "2168"]

1.d4 Nf6 2.c4 e6 3.Nf3 b6 4.a3 Be7 5.Nc3 O-O 6.e4 Bb7 7.Bd3 d5 8.cxd5 exd5
9.e5 Ne4 10.Qe2 Nxc3 11.bxc3 a5 12.O-O Ba6 13.c4 c5 14.Bb2 Bxc4 15.Bxc4 dxc4
16.Qxc4 cxd4 17.Nxd4 Qc8 18.Qd5 Na6 19.Rac1 Nc7 20.Qe4 Bc5 21.Nf5 Qe6 22.Rfd1 Rad8
23.Nd4 Qa2 24.Qb1 Qxb1 25.Rxb1 Ne6 26.Nb3 Be7 27.Kf1 Rxd1+ 28.Rxd1 Rc8 29.g3 a4
30.Nd4 Rd8 31.Ke2 Nxd4+ 32.Rxd4 Rxd4 33.Bxd4 b5 34.Bb2 Bc5 35.f4 Kf8 36.Kf3 Ke7
37.Ke4 b4 38.axb4 Bxb4 39.g4 a3 40.Ba1 Bd2 41.f5 Bc1 42.Kd3 g6 43.Kc2 Bf4
44.h3 gxf5 45.gxf5 Kd7 46.Kb3 Bc1 47.Kc2 Bh6 48.Kb3 Bf8 49.Kc4 Kc6 50.Bd4 h5
51.Ba1 Bc5 52.Bc3 Be3 53.Kb3 Bc1 54.Kc2 Bf4 55.Kb3 Kd5 56.e6 fxe6 57.fxe6 Bd6
58.Bd2 Kxe6 59.Bg5 Kf5 60.Bd8 Kf4 61.Bh4 Kf3 62.Bf6 Kg3 63.h4 Kg4 64.Bd8 Bg3
65.Kxa3 Bxh4 66.Bc7 Bg3 67.Bd8 Bh4 68.Bc7 Bg5 69.Kb3 h4 70.Bh2 Bf4 71.Bg1 Kf3  0-1

[Event "ch-Southern FR Men"]
[Site "Armavir RUS"]
[Date "2011.03.15"]
[Round "4"]
[White "Sukhareva,E"]
[Black "Pushkov,N"]
[Result "1/2-1/2"]
[WhiteElo "2180"]
[BlackElo "2424"]

1.d4 Nf6 2.c4 e6 3.Nf3 b6 4.a3 Bb7 5.Nc3 d5 6.cxd5 Nxd5 7.Qc2 Be7 8.e4 Nxc3
9.bxc3 O-O 10.Bd3 c5 11.Qe2 cxd4 12.cxd4 Nc6 13.Bb2 a6 14.O-O b5 15.Rfd1 Na5
16.Nd2 Rc8 17.e5 Qd5 18.Be4 Qd7 19.Bxb7 Qxb7 20.Ne4 Nc4 21.Bc1 f5 22.exf6 Bxf6
23.Bg5 Qd5 24.Bxf6 gxf6 25.Rd3 Kh8 26.Rad1 Rce8 27.Rh3 Re7 28.Rh6 Rg7 29.g3 Rg6
30.Rh5 f5 31.Nc3 Qb7 32.d5 e5 33.a4 e4 34.axb5 axb5 35.Rb1 Ne5 36.Qxb5 Qg7
37.Ne2 f4 38.Qb2 fxg3 39.hxg3 Nf3+ 40.Kg2 Ne1+ 41.Kg1 Nd3 42.Qxg7+ Rxg7 43.Rh2 Rgf7
44.Nd4 Ne5 45.Rh4 Rxf2 46.Ne6 R2f7 47.Rxe4 Nf3+ 48.Kg2 Nd2 49.Nxf8 Nxe4 50.Ne6 h6
51.Rb8+ Kh7 52.Rf8 Rxf8 53.Nxf8+ Kg7 54.Nd7 Nf6 55.Nb6 Kf7 56.Kf3 Ke7 57.g4 Kd6
58.Kf4 Kc5 59.Kf5 Nxg4 60.Kxg4 Kxb6  1/2-1/2

[Event "ch-PriFO A"]
[Site "Tolyatti RUS"]
[Date "2011.03.16"]
[Round "7.15"]
[White "Iliushkin,E"]
[Black "Sidorov,A"]
[Result "1/2-1/2"]
[WhiteElo "2282"]
[BlackElo "2358"]

1.d4 Nf6 2.c4 e6 3.Nf3 b6 4.a3 Bb7 5.Nc3 d5 6.cxd5 Nxd5 7.e3 a6 8.Bd3 c5
9.e4 Nxc3 10.bxc3 Qc7 11.O-O Be7 12.Qe2 O-O 13.Re1 b5 14.Bg5 Rd8 15.Bxe7 Qxe7
16.a4 c4 17.Bc2 Nd7 18.Rab1 Bc6 19.d5 exd5 20.Nd4 Qc5 21.exd5 Bxd5 22.axb5 Nf6
23.bxa6 Rxa6 24.Rb5 Qf8 25.Qe3 Re8 26.Qd2 Rxe1+ 27.Qxe1 Ra8 28.Rb1 Qc5 29.Qe5 Re8
30.Rb8 Qf8 31.Rxe8 Qxe8 32.Qxe8+ Nxe8 33.f3 Kf8 34.Kf2 Ke7 35.Nf5+ Kf6 36.Ke3 Be6
37.Nd4 Bd5 38.Nf5 Be6 39.Nd4 Bd5 40.Nf5 Be6  1/2-1/2

[Event "TCh-BEL 2010-11"]
[Site "Hauset BEL"]
[Date "2011.03.20"]
[Round "10.4"]
[White "De Haan,E"]
[Black "Levin,F"]
[Result "1/2-1/2"]
[WhiteElo "2330"]
[BlackElo "2482"]

1.d4 Nf6 2.c4 e6 3.Nf3 b6 4.a3 Ba6 5.Qc2 Bb7 6.Nc3 c5 7.e4 cxd4 8.Nxd4 Bc5
9.Nb3 Nc6 10.Nxc5 bxc5 11.Bf4 e5 12.Bg5 Nd4 13.Qd3 Qb6 14.Be2 h6 15.Bh4 a5
16.Rb1 O-O 17.O-O Rfe8 18.Bd1 Qd6 19.b3 Nh7 20.Kh1 Nf8 21.f3 Ng6 22.Bf2 Nf4
23.Qd2 Bc6 24.a4 Qg6 25.Be3 Nfe6 26.Nb5 Rf8 27.Nc3 f5 28.Nd5 Rf7 29.Bc2 f4
30.Bf2 Qh5 31.Bd1 g5 32.Be1 Qg6 33.Rb2 Kh8 34.Kg1 d6 35.Qd3 Be8 36.g4 fxg3
37.hxg3 h5 38.Rh2 Rh7 39.Bd2 Bc6 40.Rff2 Raa7 41.Rfg2 Qf7  1/2-1/2

[Event "ch-VIE Men"]
[Site "Da Lat VIE"]
[Date "2011.03.21"]
[Round "2.3"]
[White "Pham Chuong"]
[Black "Nguyen Anh Dung"]
[Result "1-0"]
[WhiteElo "2378"]
[BlackElo "2479"]

1.d4 Nf6 2.Nf3 e6 3.c4 b6 4.a3 Bb7 5.Nc3 d5 6.e3 Nbd7 7.Bd3 Bd6 8.O-O O-O
9.b4 dxc4 10.Bxc4 a5 11.b5 e5 12.Bb2 Qe7 13.Re1 e4 14.Nd2 Rad8 15.Be2 Nd5
16.Ncxe4 Nxe3 17.fxe3 Bxe4 18.Nxe4 Qxe4 19.Bf3 Qh4 20.g3 Qg5 21.Qb3 Nf6 22.e4 Bxg3
23.hxg3 Qxg3+ 24.Kf1 Ng4 25.Ke2 Rfe8 26.Kd2 Qf2+ 27.Re2 Rxd4+ 28.Kc2 a4 29.Qc3 Rc4
30.Qxc4 Ne3+ 31.Kd3  1-0

[Event "ch-Moscow S/F 2011"]
[Site "Moscow RUS"]
[Date "2011.03.22"]
[Round "6"]
[White "Mozharov,M"]
[Black "Aldokhin,I"]
[Result "1/2-1/2"]
[WhiteElo "2468"]
[BlackElo "2380"]

1.d4 Nf6 2.c4 e6 3.Nf3 b6 4.a3 Bb7 5.Nc3 d5 6.Bg5 Be7 7.Qa4+ c6 8.cxd5 Nxd5
9.Bxe7 Qxe7 10.Nxd5 exd5 11.e3 O-O 12.Be2 Nd7 13.O-O Rfc8 14.Rac1 Rc7 15.Ba6 Bxa6
16.Qxa6 c5 17.dxc5 bxc5 18.Rfd1 Nf6 19.Qa5 Rac8 20.h3 h6 21.Rc2 Rc6 22.Ne1 c4
23.Nf3 Rb6 24.b4 Qb7 25.Nd4 Ra6 26.Qb5 Rb6 27.Qa5 Ra6 28.Qb5 Rb6 29.Qa5  1/2-1/2

[Event "ch-VIE Women"]
[Site "Da Lat VIE"]
[Date "2011.03.23"]
[Round "6.4"]
[White "Phan Nguyen Mai Chi"]
[Black "Le Hoang Tran Chau"]
[Result "1/2-1/2"]
[WhiteElo "2150"]
[BlackElo "2092"]

1.d4 Nf6 2.Nf3 e6 3.c4 b6 4.a3 Bb7 5.Nc3 Be7 6.d5 d6 7.g3 e5 8.Bg2 O-O 9.O-O Nbd7
10.Ne1 Ne8 11.e4 Bc8 12.Be3 f5 13.exf5 Rxf5 14.Ne4 a5 15.Nd3 Nc5 16.Nexc5 bxc5
17.b4 axb4 18.axb4 Rxa1 19.Qxa1 cxb4 20.Nxb4 Bd7 21.Rb1 Bg5 22.Ba7 Rf8 23.Qa2 h5
24.Nc2 h4 25.Rb8 Qf6 26.Ne3 Qf7 27.Qc2 Nf6 28.Rxf8+ Kxf8 29.Qb1 h3 30.Bf1 Bxe3
31.Bxe3 Qh5 32.Qb8+ Ne8 33.Qd8 Bf5 34.Bg5 Bg6 35.Qe7+ Kg8 36.Qe6+ Bf7 37.Qf5 g6
38.g4 gxf5 39.gxh5 Bxh5 40.Bxh3 Bg6 41.Kf1 Kf7 42.Bd8 Nf6 43.Bxc7 Ke7 44.Ke1 Ne4
45.Bb6 Ng5 46.Bg2 Bh5 47.Kd2 Bf3 48.Bf1 f4 49.Kc3 Bg4 50.h4 Ne4+ 51.Kc2 Nf6
52.Kc3 Ne4+ 53.Kc2 Nf6 54.Kc3 Bf3 55.Bd3 Bxd5 56.Kb4 Bf7 57.Bf5 Be6 58.Bg6 Bg4
59.Kc3 Kd7 60.Kd3 Ke7 61.Ba5 Bf3 62.Bb4 Ke6 63.Ba5 Nd7 64.Bd8 Nc5+ 65.Kd2 Be4
66.Be8 Bh7 67.Bc6 e4 68.Bd5+ Ke5 69.Ke2 Nb3 70.Bg5 Nd4+ 71.Kd1 Bf5 72.Bh6 Bg4+
73.Ke1 Nf3+ 74.Kf1 Bh3+ 75.Ke2 Nd4+ 76.Ke1 Nf5 77.Bg5 Ng7 78.Bh6 Nh5 79.Bf7 Nf6
80.Bg7 Be6 81.Bg6 Bxc4 82.h5 Ke6 83.h6 e3 84.fxe3 fxe3 85.h7 Nxh7 86.Bxh7 d5  1/2-1/2

[Event "5th Agzamov Mem"]
[Site "Tashkent UZB"]
[Date "2011.03.25"]
[Round "8"]
[White "Faizulaev,A"]
[Black "Megaranto,S"]
[Result "0-1"]
[WhiteElo "2322"]
[BlackElo "2533"]

1.d4 Nf6 2.c4 e6 3.Nf3 b6 4.a3 Bb7 5.Nc3 Ne4 6.Nxe4 Bxe4 7.e3 Be7 8.Bd3 Bxd3
9.Qxd3 O-O 10.O-O a5 11.b3 d6 12.Bd2 Nd7 13.b4 axb4 14.axb4 Qc8 15.Bc3 Qb7
16.Rfb1 Rxa1 17.Rxa1 Ra8 18.Qb1 Ra7 19.Kf1 Nf6 20.Rxa7 Qxa7 21.Qa1 Qb7 22.Nd2 b5
23.Kg1 bxc4 24.Nxc4 h6 25.h3 Qb5 26.Na5 Ne4 27.Be1 Qe2 28.Nb3 f5 29.Qc1 Bh4
30.g3 Bxg3 31.fxg3 Ng5 32.Nd2 Nxh3+ 33.Kh1 g5 34.Qc4  0-1

[Event "ch-Moscow S/F 2011"]
[Site "Moscow RUS"]
[Date "2011.03.27"]
[Round "9"]
[White "Vorobiov,E"]
[Black "Balashov,Y"]
[Result "1/2-1/2"]
[WhiteElo "2558"]
[BlackElo "2414"]

1.d4 Nf6 2.Nf3 b6 3.c4 e6 4.a3 Bb7 5.Nc3 Ne4 6.Nxe4 Bxe4 7.Nd2 Bb7 8.Nf3 Be4
9.Nd2 Bb7 10.Nf3 Be4 11.Nd2  1/2-1/2

[Event "TCh-HUN 2010-11"]
[Site "Paks HUN"]
[Date "2011.03.27"]
[Round "7"]
[White "Csiszar,C"]
[Black "Papp,Ga"]
[Result "1-0"]
[WhiteElo "2387"]
[BlackElo "2526"]

1.d4 Nf6 2.Nf3 e6 3.c4 b6 4.a3 Ba6 5.Qc2 Bb7 6.Nc3 c5 7.dxc5 Bxc5 8.Bf4 O-O
9.e3 a6 10.Be2 Be7 11.Rd1 d6 12.O-O Qc7 13.Rd2 Nbd7 14.Rfd1 Ne5 15.Nxe5 dxe5
16.Bg3 Rfd8 17.b4 Rxd2 18.Rxd2 h6 19.f3 Rd8 20.Rxd8+ Bxd8 21.Kf1 Be7 22.e4 Nd7
23.Bf2 g6 24.Ke1 Kg7 25.Bd3 Qd8 26.Ke2 Bc6 27.Qb3 a5 28.Na4 Qc7 29.Nb2 Qd6
30.c5 bxc5 31.b5 Qb8 32.Qa4 Bb7 33.Qxa5 Bd8 34.Qc3 Qa7 35.a4 Ba5 36.Qb3 Bb4
37.Qxb4  1-0

[Event "Karposh Open"]
[Site "Skopje MKD"]
[Date "2011.04.02"]
[Round "1"]
[White "Hera,I"]
[Black "Glavinac,G"]
[Result "1-0"]
[WhiteElo "2565"]
[BlackElo "2184"]

1.d4 Nf6 2.c4 e6 3.Nf3 b6 4.a3 Bb7 5.Nc3 d5 6.Bg5 Be7 7.Qa4+ Qd7 8.Qc2 dxc4
9.e4 O-O 10.Bxc4 Ba6 11.Bxa6 Nxa6 12.Rd1 c6 13.O-O h6 14.Bf4 Rfd8 15.Rd3 Qb7
16.Rfd1 Nc7 17.Ne5 c5 18.dxc5 Rxd3 19.Rxd3 Bxc5 20.Nd7 Nce8 21.Nxc5 bxc5
22.Rd2 Rc8 23.f3 Nd7 24.Nd1 Nb6 25.Ne3 Qa6 26.Be5 Qb5 27.Bg3 a5 28.Qd3 c4
29.Qd4 Na4 30.Rc2 c3 31.bxc3 Qb1+ 32.Qd1 Qb6 33.Qd4 Qb1+ 34.Qd1 Qb6 35.Qc1 Nc5
36.Bf2 Nd3 37.Qd1 Nxf2 38.Kxf2 Nd6 39.Qd4 Qc6 40.c4 Nb7 41.Rb2 Nc5 42.Ke2 Qc7
43.Rb5 a4 44.e5 Nb3 45.Qc3 Rd8 46.Kf1 Qd7 47.Rb6 Qc7 48.Rb5 Nc5 49.Qa5 Rc8
50.Qxc7 Rxc7 51.Ke2 Kh7 52.Kd2 Rd7+ 53.Kc2 Nd3 54.Kc3 Kg6 55.Nc2 Nf4 56.Nd4 Nxg2
57.c5 Nf4 58.c6 Rc7 59.Kc4 Kg5 60.Rb7 Nd5 61.Kc5 Kf4 62.Kd6 Rc8 63.Rxf7+ Ke3
64.Nxe6  1-0

[Event "Zagreb Open B"]
[Site "Zagreb CRO"]
[Date "2011.04.17"]
[Round "8.13"]
[White "Havas,Ja"]
[Black "Bender,I"]
[Result "0-1"]
[WhiteElo "2121"]
[BlackElo "2276"]

1.d4 Nf6 2.c4 e6 3.Nf3 b6 4.a3 Ba6 5.Qc2 c6 6.g3 d5 7.Nbd2 Nbd7 8.Bg2 Rc8
9.cxd5 cxd5 10.Qa4 Qc7 11.O-O Bxe2 12.Re1 b5 13.Qb3 Bc4 14.Qd1 b4 15.axb4 Bxb4
16.Qa4 a5 17.Ne5 Ba6 18.Bh3 O-O 19.Nxd7 Nxd7 20.Rxe6 fxe6 21.Bxe6+ Kh8 22.Bxd7 Rcd8
23.Bh3 Qb6 24.Nb3 Bb5 25.Qa2 Bc4 26.Bg5 Rf3 27.Be3 Be7 28.Qxa5 Qxb3 29.Qc7 Rxe3
30.fxe3 Qxe3+ 31.Kh1 Bd3 32.Bg2 Be4 33.Rf1 Bxg2+ 34.Kxg2 Qe4+ 35.Kh3 h5 36.Qf4 Qxf4
37.Rxf4 Bf6 38.g4 hxg4+ 39.Kxg4 Rb8 40.Kf5 Rxb2 41.Ke6 Rxh2 42.Kxd5 Rh4 43.Rf1 Bxd4
44.Ke6 Rh5 45.Kf7 Rh6 46.Rd1 Rf6+ 47.Ke7  0-1

[Event "60th ch-BUL w Final"]
[Site "Bankya BUL"]
[Date "2011.04.18"]
[Round "8.6"]
[White "Raeva,E"]
[Black "Videnova,I"]
[Result "1/2-1/2"]
[WhiteElo "2308"]
[BlackElo "2304"]

1.d4 Nf6 2.c4 e6 3.Nf3 b6 4.a3 c5 5.d5 Ba6 6.dxe6 fxe6 7.Qc2 d5 8.e3 Be7
9.b3 Qd6 10.Bb2 Nc6 11.Nbd2 O-O 12.O-O-O d4 13.Bd3 e5 14.Rhe1 h6 15.Ne4 Nxe4
16.Bxe4 Bf6 17.Bd5+ Kh8 18.h4 Rae8 19.Rh1 Ne7 20.Be4 b5 21.g4 Nc6 22.g5 Bd8
23.gxh6 gxh6 24.Rdg1 bxc4 25.Rg6 Re6 26.Rhg1 Rxg6 27.Rxg6 Rf6 28.exd4 Nxd4
29.Nxd4 exd4 30.bxc4 Rxg6 31.Bxg6 Bxh4 32.Bd3 Qe6 33.Kb1 Bc8 34.Ka2 Bd7 35.f4 Be7
36.Qg2 Bc6 37.Qh2 Bf8 38.Qh5 Be4 39.f5 Qe7 40.f6 Qe6 41.Bxe4 Qxe4 42.Qf7 Qa8
43.a4  1/2-1/2

[Event "Branko Vukmanovic Mem Open"]
[Site "Tivat MNE"]
[Date "2011.04.19"]
[Round "4.25"]
[White "Cvijetic,V"]
[Black "Draskovic,L"]
[Result "1/2-1/2"]
[WhiteElo "1883"]
[BlackElo "2129"]

1.d4 Nf6 2.Nf3 e6 3.c4 b6 4.a3 d5 5.Nc3 Bb7 6.cxd5 exd5 7.Bg5 Be7 8.e3 Nbd7
9.Bd3 O-O 10.O-O h6 11.Bh4 Ne4 12.Bxe7 Qxe7 13.Qc2 c5 14.Rad1 Rac8 15.dxc5 Ndxc5
16.Be2 Rfd8 17.Nxe4 dxe4 18.Rxd8+ Qxd8 19.Nd4 Qf6 20.Qb1 Rd8 21.b4 Ne6 22.Nxe6 Qxe6
23.Rd1 Rxd1+ 24.Bxd1 Qd5 25.Qc2 Ba6 26.h3 g6 27.Bg4 Qc4 28.Qxc4 Bxc4 29.Bd1 Kg7
30.f3 exf3 31.Bxf3 Kf6 32.Kf2 Ke5 33.Ke1 f5 34.g3 g5 35.Kf2 Bd3 36.h4 Be4
37.Be2 a5 38.bxa5 bxa5 39.hxg5 hxg5 40.Ba6 Kd6 41.Ke2 Kc5 42.Kd2  1/2-1/2

[Event "Oberhausen Easter Open"]
[Site "Oberhausen GER"]
[Date "2011.04.21"]
[Round "1.3"]
[White "Levin,F"]
[Black "Glahn,Michael"]
[Result "1-0"]
[WhiteElo "2476"]
[BlackElo "1847"]

1.d4 Nf6 2.Nf3 e6 3.c4 b6 4.a3 Bb7 5.Nc3 Be7 6.d5 O-O 7.e4 d6 8.Bd3 Nbd7
9.O-O Bc8 10.Nd4 Nc5 11.Nc6 Qe8 12.Bc2 e5 13.b4 Nb7 14.Nb5 Bd8 15.Nbxa7 Bd7
16.Re1 Be7 17.a4 Nd8 18.Nxe7+ Qxe7 19.Nb5 Bxb5 20.cxb5 Qd7 21.Bd3 Nb7 22.Qc2 Qe7
23.Bg5 h6 24.Bxf6 gxf6 25.Be2 f5 26.exf5 Rac8 27.Ra3 Qf6 28.Rc3 Kh8 29.Rxc7 Rb8
30.g3 Qg5 31.Qc6 Qd2 32.Kf1 Qxb4 33.Rxb7 Rbc8 34.Rc7 Rxc7 35.Qxc7 Qe4 36.Kg1 Qxd5
37.Rd1 Qe4 38.Qxd6 Rc8 39.Qxh6+ Kg8 40.f6  1-0

[Event "Duflex Cup IM 2011"]
[Site "Frydek Mistek CZE"]
[Date "2011.04.22"]
[Round "4"]
[White "Jedlicka,A"]
[Black "Michenka,J"]
[Result "1/2-1/2"]
[WhiteElo "2253"]
[BlackElo "2359"]

1.d4 Nf6 2.c4 e6 3.Nf3 b6 4.a3 Bb7 5.Nc3 d5 6.Bg5 Be7 7.e3 O-O 8.Rc1 Nbd7
9.cxd5 exd5 10.Bd3 c5 11.O-O a6 12.Bf5 c4 13.Ne5 b5 14.Qf3 Nb6 15.Qh3 g6
16.Bb1 Ne4 17.Bh6 Re8 18.Nxe4 dxe4 19.f3 exf3 20.Rxf3 Bxf3 21.Qxf3 Qd5 22.Be4 Qe6
23.Rf1 f6 24.Bxa8 Rxa8 25.Nc6 Bf8 26.Bxf8 Rxf8 27.d5 Qd6 28.e4 Nd7 29.Nd4 Nc5
30.b4 cxb3 31.Nxb3 Re8 32.Nxc5 Qxc5+ 33.Qf2 Qxf2+ 34.Rxf2 Kf7 35.Re2 Re5
36.g4 f5 37.gxf5 gxf5 38.Rc2 Rxe4 39.Rc7+ Ke8 40.Rxh7 Ra4 41.h4 Rxa3 42.h5 b4
43.Rb7 Rh3 44.Rxb4 Rxh5 45.Rb6  1/2-1/2

[Event "Joao Braga Open"]
[Site "Sao Paolo BRA"]
[Date "2011.04.22"]
[Round "4.26"]
[White "Gazola,V"]
[Black "Bispo,L"]
[Result "1/2-1/2"]
[WhiteElo "2003"]
[BlackElo "2184"]

1.d4 Nf6 2.c4 e6 3.Nf3 b6 4.a3 Bb7 5.Nc3 d5 6.cxd5 Nxd5 7.e3 Nd7 8.Bb5 a6
9.Bd3 Nxc3 10.bxc3 Bd6 11.Qe2 e5 12.e4 Qe7 13.O-O h6 14.Nd2 c5 15.d5 b5 16.c4 b4
17.Nb3 O-O 18.Be3 f5 19.axb4 cxb4 20.c5 Nxc5 21.Nxc5 Bxc5 22.Bxc5 Qxc5 23.Bxa6 Qxd5
24.Rfd1 Bxa6 25.Rxa6 Qxe4 26.Qxe4 fxe4 27.Rxa8 Rxa8 28.Kf1 Kf7 29.Ke2 b3
30.Rb1 Rb8 31.Kd2 Ke7 32.Kc3 Rf8 33.Rb2 Kd6 34.Kxb3 Kd5 35.Kc3 Ke6 36.Rb6+ Kf5
37.Kd2 Ra8 38.Rb7 g6 39.Rf7+ Ke6 40.Rh7 h5 41.Ke3 Ra5 42.Rh8 Kf6 43.Rf8+ Ke7
44.Rg8 Kf7 45.Rh8 Ra2 46.Rh7+ Kf6 47.Rh8 Ra1 48.Kxe4 Re1+ 49.Kf3 Kg7 50.Rc8 g5
51.Rc6 e4+ 52.Kg3 Re2 53.h3 h4+ 54.Kg4 Rxf2 55.Kxg5 Kf7 56.Rc4 e3 57.Re4 e2
58.Kg4 Kf6 59.g3 Rf5 60.Rxe2 hxg3 61.Kxg3 Kg5 62.h4+ Kh5 63.Re8 Ra5 64.Rh8+ Kg6  1/2-1/2

[Event "Doeberl Cup Premier"]
[Site "Canberra AUS"]
[Date "2011.04.24"]
[Round "8.7"]
[White "Toth,And1"]
[Black "Ikeda,J"]
[Result "1/2-1/2"]
[WhiteElo "2378"]
[BlackElo "2296"]

1.d4 Nf6 2.c4 e6 3.Nf3 b6 4.a3 Bb7 5.Nc3 d5 6.cxd5 Nxd5 7.e3 g6 8.Bd3 Bg7
9.e4 Nxc3 10.bxc3 Nd7 11.Bg5 Qc8 12.Qe2 c5 13.O-O O-O 14.Rac1 c4 15.Bb1 b5
16.Qe3 e5 17.dxe5  1/2-1/2

[Event "17th Asian Cities"]
[Site "Jakarta INA"]
[Date "2011.04.25"]
[Round "5.3"]
[White "Purnama,T"]
[Black "Sihite,Chelsie Monica"]
[Result "1-0"]
[WhiteElo "2404"]
[BlackElo "2039"]

1.d4 Nf6 2.c4 e6 3.Nf3 b6 4.a3 Ba6 5.Qc2 c5 6.e4 Bb7 7.e5 Ng8 8.Nbd2 cxd4
9.Bd3 Ne7 10.O-O Ng6 11.Be4 Nc6 12.Nb3 d3 13.Qc3 Qc7 14.Re1 Be7 15.c5 O-O
16.cxb6 axb6 17.Bxd3 Bb4 18.axb4 Rxa1 19.Nxa1  1-0

[Event "Easter Open"]
[Site "Norrkoping SWE"]
[Date "2011.04.25"]
[Round "8"]
[White "Johansson,G1"]
[Black "Lundin,J"]
[Result "1-0"]
[WhiteElo "2223"]
[BlackElo "2317"]

1.d4 Nf6 2.c4 e6 3.Nf3 b6 4.a3 c5 5.d5 Ba6 6.e3 exd5 7.cxd5 Bxf1 8.Kxf1 g6
9.Nc3 Bg7 10.g3 O-O 11.Kg2 a6 12.a4 Re8 13.Re1 d6 14.e4 Nbd7 15.Bf4 Qc7 16.Rc1 Nh5
17.Bd2 Qb7 18.Qc2 Rac8 19.b3 b5 20.Rcd1 Re7 21.Bg5 Bf6 22.Bxf6 Nhxf6 23.axb5 axb5
24.Qd3 b4 25.Nb1 c4 26.bxc4 Nc5 27.Qd4 Nfxe4 28.Nbd2 Rce8 29.Nxe4 Rxe4 30.Rxe4 Rxe4
31.Qf6 Qb6 32.Ng5 Qa7 33.Ra1 Qxa1 34.Qxf7+  1-0

[Event "ch-RUS Rapid"]
[Site "Olginka RUS"]
[Date "2011.04.25"]
[Round "5"]
[White "Papin,V"]
[Black "Najer,E"]
[Result "0-1"]
[WhiteElo "2569"]
[BlackElo "2638"]

1.d4 Nf6 2.c4 e6 3.Nf3 b6 4.a3 c5 5.d5 Ba6 6.Qc2 exd5 7.cxd5 g6 8.Nc3 Bg7
9.Bf4 d6 10.Qa4+ b5 11.Nxb5 Bxb5 12.Qxb5+ Nbd7 13.Bxd6 Ne4 14.Be5 O-O 15.Bxg7 Kxg7  0-1

[Event "17th Asian Cities"]
[Site "Jakarta INA"]
[Date "2011.04.26"]
[Round "6.7"]
[White "Jones,Le"]
[Black "Khouri,A"]
[Result "1/2-1/2"]
[WhiteElo "2109"]
[BlackElo "2013"]

1.d4 Nf6 2.c4 e6 3.Nf3 b6 4.a3 Ba6 5.Qc2 c5 6.e3 d5 7.Nbd2 Be7 8.Bd3 cxd4
9.Nxd4 O-O 10.O-O Qc7 11.Nb5 Bxb5 12.cxb5 Qb7 13.b4 Nbd7 14.Bb2 Rac8 15.Qb1 e5
16.Bf5 Rc7 17.Ra2 Bd6 18.Ba1 Re8 19.Rc2 g6 20.Rxc7 Qxc7 21.Rc1 Qb8 22.Bh3 e4
23.Nf1 Be5 24.Rc6 Kg7 25.Bd4 Qd8 26.Qc2 Bxd4 27.exd4 Nb8 28.Rc7 Re7 29.Rc8 Qd6
30.Ne3 Nh5 31.g3 Nf6 32.Kg2 Ne8 33.Qc1 Rc7 34.Rxc7 Qxc7 35.Qd2 Qd8 36.Ng4 Nd6
37.a4 Nc4 38.Qh6+ Kg8 39.Qf4 f5 40.Nh6+ Kg7 41.g4 Qd6 42.Qg5 Qf6 43.Nxf5+ Kf7
44.Nh6+ Kg7 45.Nf5+ Kf7 46.Qxf6+ Kxf6 47.Ne3 Nxe3+ 48.fxe3 g5 49.Kf2 Nd7
50.Bf1 Nf8  1/2-1/2